| Tag |
First Indicator |
Second Indicator |
Subfields |
| LEADER |
00000cam a2200000 a 4500 |
| 001 |
in00000980331 |
| 005 |
20150927113618.0 |
| 008 |
881103s1987 sp b 00010bspa d |
| 020 |
|
|
|a 8476790228 (set)
|
| 020 |
|
|
|a 8476790368 (v.)
|
| 035 |
|
|
|a (OCoLC)18704588
|
| 035 |
|
|
|9 AEW7054AM
|
| 040 |
|
|
|a NOC
|c NOC
|d UtOrBLW
|
| 049 |
|
|
|a TXAM
|
| 090 |
|
|
|a G286.M2
|b C327 1987
|
| 100 |
1 |
|
|a Cabrero, Leoncio.
|
| 245 |
1 |
0 |
|a Fernando de Magallanes /
|c Leoncio Cabrero.
|
| 264 |
|
1 |
|a Madrid :
|b Historia 16 :
|b Quorum,
|c [1987]
|
| 300 |
|
|
|a 159 pages :
|b illustrations ;
|c 20 cm.
|
| 336 |
|
|
|a text
|b txt
|2 rdacontent
|
| 337 |
|
|
|a unmediated
|b n
|2 rdamedia
|
| 338 |
|
|
|a volume
|b nc
|2 rdacarrier
|
| 490 |
1 |
|
|a Protagonistas de América
|
| 504 |
|
|
|a Bibliography: page 139.
|
| 600 |
1 |
0 |
|a Magalhães, Fernão de,
|d -1521.
|
| 650 |
|
0 |
|a Explorers
|z Portugal
|v Biography.
|
| 830 |
|
0 |
|a Protagonistas de América.
|
| 999 |
|
|
|a MARS
|
| 999 |
f |
f |
|s c656234f-7a7e-3b77-855c-12e51a1b2871
|i 38bf490a-f7a1-38aa-ab70-29d2a4b98358
|t 0
|
| 952 |
f |
f |
|p ric
|a Texas A&M University
|b Rellis Campus
|c Joint Library Facility
|d Remote Storage
|t 0
|e G286.M2 C327 1987
|h Library of Congress classification
|i unmediated -- volume
|m A14814434006
|
| 998 |
f |
f |
|a G286.M2 C327 1987
|t 0
|l Remote Storage
|